000 00781nam a2200217 i 4500
001 84175
003 ES-MaACL
005 20251120144414.0
007 t|
008 041119s1945 ag ||||1| spa d
100 1 _aJames, Henry,
_d1843-1916
_9242228
245 1 3 _aLa humillación de los Northmore /
_cHenry James ; prólogo de Jorge Luis Borges ; versión directa del inglés por Haydée Lange.
260 _aBuenos Aires :
_bEmecé,
_c[1945] (
_fSebastián de Amorrortu)
300 _a57 p. ;
_c19 cm.
490 1 _aCuadernos de la quimera ;
_v12
700 1 _aBorges, Jorge Luis,
_d1899-1986
_9242526
700 1 _aLange, Haydée.
_970017
830 0 _aCuadernos de la quimera ;
_v12
_9181477
852 _aES-MaACL
_j1723-F-24
_bR.27225
999 _c84175
_d84175